Minecraft Speedruns: Every Version, Every World Record - Statistics

General Stats
  • This quiz has been taken 104 times
  • The average score is 14 of 27
Answer Stats
Time Version Setter (Holder) % Correct
23:51 1.7.2 Illumina
97%
13:53 1.16.1 Illumina
97%
14:36 1.16.1 Couriway
85%
9:36 1.16.1 Brentilda
82%
14:07 1.16.1 reignex
72%
22:18 1.14.4 realbenex
70%
19:41 1.16.1 TheeSizzler
67%
11:07 1.16.1 TheeSizzler
67%
14:07 (tied) 1.16.1 zylenox
67%
14:56 1.16.1 Korbanoes
62%
12:09 1.16.1 TwoLetterName
62%
45:07 1.7.2 tarokitchen
60%
37:43 1.7.2 tarokitchen
60%
33:33 1.7.2 tarokitchen
60%
27:55 1.7.2 tarokitchen
60%
26:45 1.7.2 tarokitchen
60%
19:37 1.16.1 Dimeax
58%
17:26 1.16.1 Dimeax
58%
21:08 1.16.1 NiceTwice
58%
11:50 1.16.1 fe666
57%
22:03 1.15.2 DreamWasTaken
30%
25:36 1.7.2 Lide
27%
24:56 1.7.2 Lide
27%
43:23 1.7.2 Water
3%
1:08:41 1.4.7 Harima
2%
1:07:23 1.5.1 ksk
2%
2:52:07 1.7.2 Haruta
0%
No matching quizzes found
Score Distribution
Percent of People with Each Score
Percentile by Number Answered
Your Score History
You have not taken this quiz